<?xml version="1.0" encoding="UTF-8"?>
<marc:record xmlns:marc="http://www.loc.gov/MARC21/slim">
   <marc:leader>00000nam a2200000 a 4500</marc:leader>
   <marc:datafield ind1="1" ind2=" " tag="100">
      <marc:subfield code="a">Haese, Inga</marc:subfield>
      <marc:subfield code="4">aut</marc:subfield>
      <marc:subfield code="e">Verfasser/-in</marc:subfield>
   </marc:datafield>
   <marc:datafield ind1="1" ind2=" " tag="100">
      <marc:subfield code="a">Mikolajek, Jadwiga</marc:subfield>
      <marc:subfield code="4">ill</marc:subfield>
      <marc:subfield code="e">Illustrator/-in</marc:subfield>
   </marc:datafield>
   <marc:datafield ind1=" " ind2=" " tag="653">
      <marc:subfield code="a">Mediennutzung</marc:subfield>
   </marc:datafield>
   <marc:datafield ind1=" " ind2=" " tag="653">
      <marc:subfield code="a">Smartphone</marc:subfield>
   </marc:datafield>
   <marc:datafield ind1=" " ind2=" " tag="653">
      <marc:subfield code="a">Digitalzeitalter</marc:subfield>
   </marc:datafield>
   <marc:datafield ind1=" " ind2=" " tag="653">
      <marc:subfield code="a">Handynutzung</marc:subfield>
   </marc:datafield>
   <marc:datafield ind1=" " ind2=" " tag="653">
      <marc:subfield code="a">Pubertät</marc:subfield>
   </marc:datafield>
   <marc:datafield ind1=" " ind2=" " tag="653">
      <marc:subfield code="a">Softcover / Sachbücher/Psychologie</marc:subfield>
   </marc:datafield>
   <marc:datafield ind1="0" ind2="0" tag="245">
      <marc:subfield code="a">Smartphonekids</marc:subfield>
   </marc:datafield>
   <marc:datafield ind1="0" ind2="0" tag="245">
      <marc:subfield code="b">Digitale Fürsorge in Zeiten der Unsicherheit - ein Wegweiser für Familien</marc:subfield>
   </marc:datafield>
   <marc:datafield ind1="0" ind2="0" tag="245">
      <marc:subfield code="c">Inga Haese</marc:subfield>
   </marc:datafield>
   <marc:datafield ind1=" " ind2="1" tag="264">
      <marc:subfield code="a">Berlin</marc:subfield>
      <marc:subfield code="b">Springer Berlin</marc:subfield>
      <marc:subfield code="c">2020</marc:subfield>
   </marc:datafield>
   <marc:datafield ind1=" " ind2=" " tag="250">
      <marc:subfield code="a">1. Auflage 2020</marc:subfield>
   </marc:datafield>
   <marc:datafield ind1="1" ind2=" " tag="520">
      <marc:subfield code="a">Angaben aus der Verlagsmeldung

Smartphonekids : Digitale Fürsorge in Zeiten der Unsicherheit - ein Wegweiser für Familien / von Inga Haese

Haben Sie auch eines oder mehrere Smartphonekids zu Hause und Sie fragen sich: Wie viel Smartmedium schadet dem Kind – aber wie viel Abstinenz schadet erst recht? Dann sind Sie nicht alleine, denn kaum etwas beschäftigt Eltern derzeit so dringlich wie die Frage nach der "richtigen" Handhabe von Smartphone und Co. Dieses Buch ist ein Kompass, der Ihnen einen Überblick verschaffen möchte bei der Orientierung zwischen den extremen Meinungspolen, aufgestellt von Medienskeptikern und Tekkies. Die Autorin, Sozialwissenschaftlerin und selbst Mutter zweier Kinder, liefert wissenschaftsbasierte und praktische Informationen, berichtet humorvoll aus eigener Erfahrung und ermuntert dazu, eine aktive Haltung gegenüber der digitalen Herausforderung einzunehmen. Ihr Mittel für einen realistischen Weg durch die Unwägbarkeiten unserer verunsicherten Gesellschaft lautet „digitale Fürsorge".

</marc:subfield>
   </marc:datafield>
   <marc:datafield ind1=" " ind2=" " tag="020">
      <marc:subfield code="a">9783662618011</marc:subfield>
      <marc:subfield code="9">9783662618011</marc:subfield>
   </marc:datafield>
   <marc:datafield ind1=" " ind2=" " tag="020">
      <marc:subfield code="a">366261801X</marc:subfield>
      <marc:subfield code="9">366261801X</marc:subfield>
   </marc:datafield>
   <marc:datafield ind1=" " ind2=" " tag="041">
      <marc:subfield code="a">ger</marc:subfield>
   </marc:datafield>
   <marc:datafield ind1=" " ind2=" " tag="300">
      <marc:subfield code="a">XI, 218 Seiten in 1 Teil</marc:subfield>
   </marc:datafield>
</marc:record>
